01073 a2200193 45000010006000000050017000060080041000230030015000640400040000790800072001192450040001910200022002312640034002533000025002875050431003120410008007431000033007518560095007844139820260407155708.0260407a2016 arg spa dAR-UNSa-BCEJYS aAR-UNSa-BCEJYSbspacAR-UNSa-BCEJYS a336.225xMétodo de tributación y administración de impuestos 10aBlanqueo y moratoriapliquidaciones a978-987-01-1977-7 1aBuenos Aires :bErreparc2016 axiii, 215 p.c27 cm. a1. Introducción - 2. Sistema voluntario e excepcional de declaración de tenencia de moneda nacional, extranjera y demás bienes en el país y en el exterior - 3. Regularización excepcional de obligaciones tributarias, de la seguridad social y aduaneras - 4. Beneficios a contribuyentes cumplidores y otras modificaciones tributarias - 5. Aplicación práctica - 6. Consultas frecuentes - 7. Cuestiones controvertidas aspa1 aD´Agostino, Hernán Miguel41uhttps://biblioeco.unsa.edu.ar/pmb/images/libros/L126472.jpgyImagen de portadaqimage/jpeg